Guess the lyrics to Goodness of God by Bethel Music and Jenn Johnson - Statistics

General Stats
  • This quiz has been taken 23 times
  • The average score is 249 of 275
Answer Stats
Answer % Correct
. a
100%
. All
100%
. all
100%
. been
100%
. faithful
100%
. good
100%
. goodness
100%
. I
100%
. i
100%
. in
100%
. In
100%
. life
100%
. Lord
100%
. love
100%
. me
100%
. my
100%
. so
100%
. the
100%
. you
100%
. You
100%
. your
100%
. Your
100%
. after
95%
. And
95%
. every
95%
. Every
95%
. fails
95%
. God
95%
. have
95%
. mercy
95%
. never
95%
. of
95%
. Of
95%
. running
95%
. that
95%
. will
95%
. able
90%
. am
90%
. fire
90%
. is
90%
. led
90%
. sing
90%
. voice
90%
. no
85%
. Oh
85%
. through
85%
. I've
80%
. Ive
80%
. like
80%
. night
80%
. other
80%
. as
75%
. close
75%
. darkest
75%
. days
75%
. father
75%
. friend
75%
. From
75%
. head
75%
. held
75%
. it
75%
. moment
75%
. Until
75%
. Cause
70%
. For
70%
. for
70%
. hands
70%
. its
70%
. known
70%
. lay
70%
. lived
70%
. up
70%
. wake
70%
. With
70%
. are
65%
. down
65%
. everything
65%
. give
65%
. laid
65%
. now
65%
. yeah
65%
. breathe
60%
. surrendered
60%
. Im
50%
. gonna
45%
. keeps
45%
. allmy
15%
. benn
0%
No matching quizzes found
Score Distribution
Percent of People with Each Score
Percentile by Number Answered
Your Score History
You have not taken this quiz